|
|
|
|
| LEADER |
00000nam1a2200000 4500 |
| 001 |
179385 |
| 005 |
20231031170317.0 |
| 035 |
|
|
|a (RuTPU)RU\TPU\book\194460
|
| 090 |
|
|
|a 179385
|
| 100 |
|
|
|a 20100420d1961 m y0rusy50 ca
|
| 101 |
1 |
|
|a rus
|
| 102 |
|
|
|a RU
|
| 200 |
1 |
|
|a Книга путешествия. Извлечения из сочинения турецкого путешественника XVII века
|e перевод и комментарии
|f Эвлия Челеби
|g Академия наук СССР (АН СССР), Институт народов Азии
|
| 210 |
|
|
|a Москва
|c Изд-во восточной литературы
|d 1961-
|
| 225 |
1 |
|
|a Памятники литературы народов Востока
|e Переводы
|v VI
|
| 700 |
|
0 |
|a Эвлия Челеби
|c турецкий путешественник
|c географ
|c писатель
|f 1611-1682 или 1683
|2 stltpush
|3 (RuTPU)RU\TPU\pers\26190
|
| 712 |
0 |
2 |
|a Академия наук СССР (АН СССР)
|b Институт народов Азии
|2 stltpush
|3 (RuTPU)RU\TPU\col\15325
|
| 801 |
|
1 |
|a RU
|b 63413507
|c 20100420
|
| 801 |
|
2 |
|a RU
|b 63413507
|c 20100426
|g RCR
|
| 942 |
|
|
|c BK
|